| 000 -ლიდერი |
| ფიქსირებული სიგრძის საკონტროლო ველი |
01689nam a22002417a 4500 |
| 003 - საკონტროლო ნომრის იდენტიფიკატორი |
| საკონტროლო ველი |
Ge_BSU |
| 005 - ბოლო ოპერაციის თარიღი და დრო |
| საკონტროლო ველი |
20240307110928.0 |
| 008 - ფიქსირებული სიგრძის მონაცემთა ელემენტები - ზოგადი ინფორმაცია |
| ფიქსირებული სიგრძის საკონტროლო ველი |
240307s2023 ge ||||| |||| 00| 0 geo d |
| 020 ## - წიგნის საერთაშორისო სტანდარტული ნომერი |
| International Standard Book Number |
1987-7153 |
| 041 ## - ენის კოდი |
| Language code of text/sound track or separate title |
geo |
| 080 ## - უნივერსალური ათობითი კლასიფიკაციის ინდექსი |
| Universal Decimal Classification number |
902/904(479.223) გ-67 |
| 245 ## - ცნობა სათაურის შესახებ |
| Title |
გონიო-აფსაროსი : |
| Remainder of title |
(შრომების კრებული) XII / |
| Statement of responsibility, etc |
რედ. შ. მამულაძე, კ. ქამადაძე და სხვ.; აჭარის კულტურული მემკვიდრეობის დაცვის სააგენტო. გონიო-აფსაროსის არქეოლოგიურ-არქიტექტურული კომპლექსი. სამეცნიერო კვლევითი ცენტრი. |
| 264 ## - წარმოების, გამოცემის, დისტრიბუციის და სხვა ცნობები |
| გამოცემის, წარმოების, დისტრიბუციის... ადგილი |
ბათუმი, |
| გამოცემის, წარმოების, დისტრიბუციის... თარიღი |
2023. |
| 300 ## - ფიზიკური აღწერა |
| Extent |
280 გვ.: |
| Other physical details |
ილ.; |
| Dimensions |
30 სმ. |
| 500 ## - ზოგადი შენიშვნა |
| General note |
პარალ. სათ. ინგლ. ენაზე |
| 653 ## - INDEX TERM--UNCONTROLLED |
| Uncontrolled term |
გონიო-აფსაროსი |
| 653 ## - INDEX TERM--UNCONTROLLED |
| Uncontrolled term |
შრომები |
| 653 ## - INDEX TERM--UNCONTROLLED |
| Uncontrolled term |
არქეოლოგია |
| 700 ## - ADDED ENTRY--PERSONAL NAME |
| Personal name |
მამულაძე, შ. |
| Relator term |
რედაქტორი |
| 9 (RLIN) |
21357 |
| 700 ## - ADDED ENTRY--PERSONAL NAME |
| Personal name |
ქამადაძე, კ. |
| Relator term |
რედაქტორი |
| 9 (RLIN) |
13716 |
| 710 ## - ADDED ENTRY--CORPORATE NAME |
| Corporate name or jurisdiction name as entry element |
აჭარის კულტურული მემკვიდრეობის დაცვის სააგენტო. |
| Subordinate unit |
გონიო-აფსაროსის არქეოლოგიურ-არქიტექტურული კომპლექსი. სამეცნიერო კვლევითი ცენტრი. |
| 9 (RLIN) |
21358 |
| 942 ## - ADDED ENTRY ELEMENTS (KOHA) |
| Source of classification or shelving scheme |
|
| Koha item type |
წიგნი |